000 00834nam a2200229 4500
005 20250411115339.0
008 250411b mx |||||||| |||| 00| 0 spa d
020 _a9786076289358
050 0 4 _aKGF2530
_bM55 2019
100 1 _aMijangos y González, Pablo.
245 1 0 _aHistoria mínima de la Suprema Corte de Justicia de México
_c/ Pablo Mijangos y González.
246 3 4 _a Suprema Corte de Justicia de México
250 _aPrimera edición.
260 _aCiudad de México, México :
_bEl Colegio de México,
_c2019.
300 _a306 pagina ;
_c21 cm.
440 _aas
490 0 _aColección Historias mínim
504 _aIncluye bibliografía (paginas 283-303).
610 _aMéxico.
_bSuprema Corte de Justicia
_xHistoria
650 7 _2lemb
_aPoder Judicial
_xHistoria
_zMéxico
942 _2lcc
_n0
_cLIB
999 _c171713
_d171711